Statistics for Jason Momoa Filmography

Click here to take the quiz!

General Stats

  • This quiz has been taken 81 times
    (4 since last reset)
  • The average score is 10 of 52

Answer Stats

TypeYearName% Correct
Film2018Aquaman
100%
Film2023Fast X
100%
Film2017Justice League
100%
TV Film2021Zack Snyder's Justice League
100%
Film2023Aquaman and the Lost Kingdom
75%
TV Show2011-2012Game of Thrones
75%
TV Show1999-2001Baywatch: Hawaii
50%
Film2011Conan the Barbarian
50%
Film2021Dune
50%
TV Show2016-2018Frontier
50%
TV Show2009The Game
50%
Film2016Batman v Superman: Dawn of Justice
25%
FilmTBAIn the Hand of Dante
25%
Web Series2022Peacemaker
25%
TV Show2018, 2019, 2020, 2023Saturday Night Live
25%
Web Series2019-2022See
25%
Film2022Slumberland
25%
Film2016The Bad Batch
25%
Film2023The Flash
25%
Film2019The Lego Movie 2: The Second Part
25%
Documentary Series2022American Masters
0%
FilmTBAAnimal Friends
0%
Commercial2023Apple TV+
0%
Commercial2021Ball Aluminum Cup
0%
TV Film2003Baywatch: Hawaiian Wedding
0%
Film2018Braven
0%
Short Film2010Brown Bag Diaries: Ridin' the Blinds in B Minor
0%
Film2012Bullet to the Head
0%
Web Mini-SeriesTBAChief of War
0%
Film2014Debug
0%
Documentary2023Deep Rising
0%
TV Show2014, 2015Drunk History
0%
Film2025Fast X: Part 2
0%
Film2004Johnson Family Vacation
0%
TV Show2021Nature Is Speaking
0%
Commercial2022Nike
0%
TV Show2004-2005North Shore
0%
Film2017Once Upon a Time in Venice
0%
Film2007Pipeline
0%
Film2014Road to Paloma
0%
Commercial2020Rocket Mortgage
0%
TV Show2005-2009Stargate Atlantis
0%
Film2016Sugar Mountain
0%
Film2021Sweet Girl
0%
TV Film2003Tempted
0%
Web Series2023The Climb
0%
Film2022The Last Manhunt
0%
TV Show2014-2015The Red Road
0%
TV Show2019The Simpsons
0%
Commercial2024T-Mobile
0%
Documentary2021Waterman
0%
Film2014Wolves
0%

Score Distribution

Percentile by Number Answered

Percent of People with Each Score

Your Score History

You have not taken this quiz since the last reset